LEADER 00984nam0-22003491i-450- 001 990009594900403321 005 20120903092444.0 010 $a978-88-15-13300-7 035 $a000959490 035 $aFED01000959490 035 $a(Aleph)000959490FED01 035 $a000959490 100 $a20120622d1997----km-y0itay50------ba 101 0 $aita 102 $aIT 105 $ay-------001yy 200 1 $a<>problema della guerra e le vie della pace$fNorberto Bobbio 205 $a4. ed 210 $aBologna$cIl Mulino$d1997$d[stampa] 2009 215 $aXVI,163 p.$d22 cm 225 1 $aBiblioteca paperbacks$v11 610 0 $aPace 610 0 $aGuerra 676 $a172.42$v21$zita 700 1$aBobbio,$bNorberto$f<1909-2004>$024662 801 0$aIT$bUNINA$gREICAT$2UNIMARC 901 $aBK 912 $a990009594900403321 952 $aCollez. 2231 (11)$b44847$fFSPBC 959 $aFSPBC 996 $aProblema della Guerra e le Vie della Pace$9509425 997 $aUNINA LEADER 00997nam0-2200349---450- 001 990009842200403321 005 20140325120438.0 010 $a978-88-6473-060-8 035 $a000984220 035 $aFED01000984220 035 $a(Aleph)000984220FED01 035 $a000984220 100 $a20140325d----2011km-y0itay50------ba 101 0 $aita 102 $aIT 105 $ay-------001yy 200 1 $aAutonomia e autodeterminazione$eprofili etici, bioetici e giuridici$fa cura di Claudia Navarino 210 $aRoma$cEditori Riuniti$d2011 215 $a142 p.$d21 cm 225 1 $aUniversità europea di Roma$iCollana di Filosofia 610 0 $aBioetica 610 0 $aDemocrazia 676 $a321.4$v16.$zita 676 $a174.9574$v21.$zita 702 1$aNavarini,$bClaudia 801 0$aIT$bUNINA$gRICA$2UNIMARC 901 $aBK 912 $a990009842200403321 952 $aE-I-29$binv.$fDDRC 959 $aDDRC 996 $aAutonomia e autodeterminazione$9826490 997 $aUNINA LEADER 01372nam--2200385---450 001 990002277670203316 005 20200708115737.0 035 $a000227767 035 $aUSA01000227767 035 $a(ALEPH)000227767USA01 035 $a000227767 100 $a20041216d1982----km-y0itay0103----ba 101 0 $aita 102 $aIT 105 $a||||||||001yy 200 1 $a<> accordi sindacali nel pubblico impiego$epluralismo giuridico, separazione degli ordinamenti e forme di comunicazione$fAndrea Orsi Battaglini 210 $aMilano$cGiuffrè$d1982 215 $aVI, 325 p.$d25 cm 225 2 $aPubblicazioni della Facoltà di giurisprudenza$fUniversità di Firenze$v44 410 0$12001$aPubblicazioni della Facoltà di giurisprudenza$fUniversità di Firenze$v44 454 1$12001 461 1$1001-------$12001 606 0 $aImpiego pubblico$xDiritto del lavoro 606 0 $aImpiegati pubblici$xContratti collettivi$xDiritto 676 $a344.01 700 1$aORSI BATTAGLINI,$bAndrea$0246593 801 0$aIT$bsalbc$gISBD 912 $a990002277670203316 951 $aXXV.2.E 46 (IG III 488)$b7506 E.C.$cXXV.2.E 46 (IG III)$d00241700 959 $aBK 969 $aGIU 979 $aSIAV4$b10$c20041216$lUSA01$h1352 979 $aRSIAV3$b90$c20090804$lUSA01$h1002 996 $aAccordi sindacali nel pubblico impiego$9688530 997 $aUNISA